[Event "U12-U20 French Championships"]
[Site "chess24.com"]
[Date "2019.04.15"]
[Round "2"]
[White "Lamaze, Simon"]
[Black "Nguyen-Cadoret, Nathan"]
[Result "1/2-1/2"]
[Board "27"]
[WhiteElo "1937"]
[WhiteCountry "FRA"]
[WhiteFideId "36069264"]
[WhiteEloChange "7"]
[BlackElo "2211"]
[BlackCountry "FRA"]
[BlackFideId "36030317"]
[BlackEloChange "-7"]

1. d4 {[%clk 1:30:57]} Nf6 {[%clk 1:30:47]} 2. Nf3 {[%clk 1:31:16]} e6 {[%clk
1:30:57]} 3. g3 {[%clk 1:31:42]} d5 {[%clk 1:31:03]} 4. Bg2 {[%clk 1:32:08]} c5
{[%clk 1:29:32]} 5. c4 {[%clk 1:32:25]} dxc4 {[%clk 1:12:11]} 6. O-O {[%clk
1:32:47]} Nc6 {[%clk 1:10:05]} 7. Qa4 {[%clk 1:33:03]} Bd7 {[%clk 1:01:27]} 8.
Qxc4 {[%clk 1:32:49]} b5 {[%clk 0:58:01]} 9. Qd3 {[%clk 1:29:44]} c4 {[%clk
0:55:27]} 10. Qd1 {[%clk 1:29:13]} Rc8 {[%clk 0:53:59]} 11. Bf4 {[%clk 1:19:14]}
Nd5 {[%clk 0:43:02]} 12. Bg5 {[%clk 1:18:00]} f6 {[%clk 0:36:07]} 13. Bd2 {[%clk
1:18:04]} Be7 {[%clk 0:34:45]} 14. a3 {[%clk 1:11:22]} O-O {[%clk 0:34:47]} 15.
e4 {[%clk 1:11:15]} Nb6 {[%clk 0:34:55]} 16. Nc3 {[%clk 1:07:26]} e5 {[%clk
0:25:56]} 17. dxe5 {[%clk 1:04:57]} Nxe5 {[%clk 0:26:18]} 18. Nxe5 {[%clk
1:05:20]} fxe5 {[%clk 0:26:47]} 19. Be3 {[%clk 1:05:04]} Bc5 {[%clk 0:21:29]} 20.
Bxc5 {[%clk 1:02:42]} Rxc5 {[%clk 0:21:58]} 21. Qd6 {[%clk 1:02:43]} Qc7 {[%clk
0:22:25]} 22. Rad1 {[%clk 1:02:57]} a5 {[%clk 0:18:51]} 23. Qxc7 {[%clk 0:02:28]}
Rxc7 {[%clk 0:19:16]} 24. Nd5 {[%clk 1:00:36]} Nxd5 {[%clk 0:19:42]} 25. Rxd5
{[%clk 1:00:58]} Re8 {[%clk 0:18:49]} 26. Rfd1 {[%clk 1:00:44]} Re7 {[%clk
0:19:13]} 27. Bf1 {[%clk 0:56:45]} Bg4 {[%clk 0:16:46]} 28. Rc1 {[%clk 0:56:49]}
Bf3 {[%clk 0:14:06]} 29. Rxb5 {[%clk 0:56:24]} Bxe4 {[%clk 0:14:20]} 30. Rxc4
{[%clk 0:56:17]} Rxc4 {[%clk 0:08:22]} 31. Bxc4+ {[%clk 0:56:25]} Kf8 {[%clk
0:08:51]} 32. Rb8+ {[%clk 0:56:46]} Re8 {[%clk 0:09:17]} 33. Rxe8+ {[%clk
0:57:11]} Kxe8 {[%clk 0:09:43]} 34. f4 {[%clk 0:57:01]} exf4 {[%clk 0:10:04]} 35.
gxf4 {[%clk 0:57:27]} Ke7 {[%clk 0:10:29]} 36. Kf2 {[%clk 0:57:48]} Kd6 {[%clk
0:09:28]} 37. b4 {[%clk 0:57:42]} axb4 {[%clk 0:09:27]} 38. axb4 {[%clk 0:58:07]}
Bd5 {[%clk 0:09:10]} 39. Bd3 {[%clk 0:58:20]} Bg8 {[%clk 0:09:24]} 40. Ke3 {[%clk
0:58:34]} Kd5 {[%clk 0:09:51]} 41. Bb1 {[%clk 0:02:08]} Kc6 {[%clk 0:10:05]} 42.
Kd4 {[%clk 0:02:38]} Kb5 {[%clk 0:10:30]} 43. Kc3 {[%clk 0:03:08]} h6 {[%clk
0:10:45]} 44. Bd3+ {[%clk 0:03:38]} Kb6 {[%clk 0:11:10]} 1/2-1/2

[Event "U12-U20 French Championships"]
[Site "chess24.com"]
[Date "2019.04.15"]
[Round "2"]
[White "Razafindratsima, Timothe"]
[Black "Cavailles, Evan"]
[Result "1-0"]
[Board "28"]
[WhiteElo "2181"]
[WhiteCountry "FRA"]
[WhiteFideId "36069884"]
[WhiteEloChange "4"]
[BlackElo "1942"]
[BlackCountry "FRA"]
[BlackFideId "36048445"]
[BlackEloChange "-4"]

1. e4 {[%clk 1:30:59]} c5 {[%clk 1:30:54]} 2. Nf3 {[%clk 1:31:25]} Nc6 {[%clk
1:31:16]} 3. d4 {[%clk 1:31:49]} cxd4 {[%clk 1:31:36]} 4. Nxd4 {[%clk 1:32:13]}
Qb6 {[%clk 1:31:45]} 5. Nb3 {[%clk 1:30:14]} Nf6 {[%clk 1:31:55]} 6. Nc3 {[%clk
1:30:28]} e6 {[%clk 1:32:06]} 7. Be3 {[%clk 0:00:39]} Qc7 {[%clk 1:32:20]} 8. a3
{[%clk 1:29:49]} a6 {[%clk 1:30:47]} 9. Be2 {[%clk 1:29:00]} Be7 {[%clk 1:29:37]}
10. Qd2 {[%clk 1:29:03]} b5 {[%clk 1:24:14]} 11. f4 {[%clk 1:22:20]} d6 {[%clk
1:21:48]} 12. g4 {[%clk 1:21:22]} Bb7 {[%clk 1:16:27]} 13. g5 {[%clk 1:20:25]}
Nd7 {[%clk 1:16:12]} 14. h4 {[%clk 1:18:40]} Nc5 {[%clk 1:05:43]} 15. h5 {[%clk
1:09:47]} b4 {[%clk 0:56:43]} 16. axb4 {[%clk 1:07:12]} Nxb3 {[%clk 0:56:11]} 17.
cxb3 {[%clk 1:07:38]} Nxb4 {[%clk 0:53:56]} 18. Kf2 {[%clk 0:57:02]} d5 {[%clk
0:46:32]} 19. h6 {[%clk 0:48:33]} gxh6 {[%clk 0:40:36]} 20. Rac1 {[%clk 0:47:28]}
Qd8 {[%clk 0:29:12]} 21. Qd4 {[%clk 0:45:30]} Rg8 {[%clk 0:27:32]} 22. exd5
{[%clk 0:39:35]} Nxd5 {[%clk 0:24:11]} 23. Nxd5 {[%clk 0:39:41]} Qxd5 {[%clk
0:23:28]} 24. Qxd5 {[%clk 0:39:35]} Bxd5 {[%clk 0:23:19]} 25. Rxh6 {[%clk
0:39:58]} Bxb3 {[%clk 0:18:11]} 26. Rxh7 {[%clk 0:39:56]} Bd5 {[%clk 0:14:40]}
27. Bh5 {[%clk 0:21:22]} e5 {[%clk 0:12:50]} 28. fxe5 {[%clk 0:18:58]} Rb8 {[%clk
0:04:57]} 29. Rc2 {[%clk 0:10:44]} Rd8 {[%clk 0:03:36]} 30. Rc7 {[%clk 0:09:39]}
Rb8 {[%clk 0:02:55]} 31. Bd4 {[%clk 0:08:05]} Rf8 {[%clk 0:01:14]} 32. Be2 {[%clk
0:07:17]} Bxg5 {[%clk 0:00:46]} 33. Bxa6 {[%clk 0:07:22]} Bd8 {[%clk 0:01:05]}
34. Rc5 {[%clk 0:07:16]} Be6 {[%clk 0:01:22]} 35. Bb5+ {[%clk 0:05:28]} Bd7
{[%clk 0:01:25]} 36. Bxd7+ {[%clk 0:05:36]} Kxd7 {[%clk 0:01:49]} 37. Rh6 {[%clk
0:05:05]} Be7 {[%clk 0:00:41]} 38. Ra5 {[%clk 0:04:27]} Rb7 {[%clk 0:00:50]} 39.
Kf3 {[%clk 0:04:41]} Rg8 {[%clk 0:00:44]} 40. Rd5+ {[%clk 0:04:20]} Kc7 {[%clk
0:00:55]} 41. Bc3 {[%clk 0:03:25]} Kb8 {[%clk 0:00:49]} 42. Ra6 {[%clk 0:03:37]}
Rd8 {[%clk 0:00:37]} 43. Ke4 {[%clk 0:03:24]} Rxd5 {[%clk 0:00:49]} 44. Kxd5
{[%clk 0:03:53]} Kc7 {[%clk 0:00:59]} 45. Rh6 {[%clk 0:03:33]} Kd7 {[%clk
0:00:48]} 46. Rh7 {[%clk 0:03:43]} Rb5+ {[%clk 0:00:47]} 47. Kc4 {[%clk 0:04:06]}
Rc5+ {[%clk 0:01:13]} 48. Kd4 {[%clk 0:04:32]} Ke6 {[%clk 0:01:10]} 49. Rh6+
{[%clk 0:04:37]} Kd7 {[%clk 0:01:17]} 50. b4 {[%clk 0:04:45]} Rc6 {[%clk
0:01:14]} 51. Rxc6 {[%clk 0:05:02]} Kxc6 {[%clk 0:01:39]} 52. Kc4 {[%clk
0:05:26]} Bd8 {[%clk 0:00:54]} 53. b5+ {[%clk 0:05:32]} Kd7 {[%clk 0:00:58]} 54.
Kc5 {[%clk 0:05:35]} Bc7 {[%clk 0:00:59]} 55. b6 {[%clk 0:05:53]} Bb8 {[%clk
0:01:00]} 56. Kb5 {[%clk 0:06:14]} Ke6 {[%clk 0:00:33]} 57. Kc6 {[%clk 0:06:28]}
Kf5 {[%clk 0:00:43]} 58. Kb7 {[%clk 0:06:42]} Bxe5 {[%clk 0:01:09]} 59. Bxe5
{[%clk 0:07:07]} Kxe5 {[%clk 0:01:32]} 60. Kc6 {[%clk 0:07:23]} f5 {[%clk
0:01:58]} 61. b7 {[%clk 0:07:49]} f4 {[%clk 0:02:25]} 62. b8Q+ {[%clk 0:08:13]}
Ke4 {[%clk 0:02:49]} 63. Qb1+ {[%clk 0:08:36]} Ke3 {[%clk 0:03:08]} 64. Qf1
{[%clk 0:09:02]} 1-0

[Event "U12-U20 French Championships"]
[Site "chess24.com"]
[Date "2019.04.15"]
[Round "2"]
[White "Brehaut, Carl"]
[Black "Radovanovic, Luka"]
[Result "1/2-1/2"]
[Board "30"]
[WhiteElo "1861"]
[WhiteCountry "FRA"]
[WhiteFideId "36051691"]
[WhiteEloChange "6"]
[BlackElo "2111"]
[BlackCountry "FRA"]
[BlackFideId "36032000"]
[BlackEloChange "-6"]

1. d4 {[%clk 1:30:57]} d5 {[%clk 1:30:52]} 2. c4 {[%clk 1:31:21]} dxc4 {[%clk
1:31:09]} 3. Nf3 {[%clk 1:31:44]} Nf6 {[%clk 1:31:15]} 4. e3 {[%clk 1:32:02]} Bg4
{[%clk 1:31:07]} 5. Nbd2 {[%clk 1:32:17]} e6 {[%clk 1:30:09]} 6. Qa4+ {[%clk
1:31:07]} c6 {[%clk 1:27:07]} 7. Qxc4 {[%clk 1:31:17]} Nbd7 {[%clk 1:24:40]} 8.
Bd3 {[%clk 1:26:27]} Bd6 {[%clk 1:22:10]} 9. O-O {[%clk 1:22:27]} O-O {[%clk
1:21:19]} 10. Qc2 {[%clk 1:20:03]} e5 {[%clk 1:15:04]} 11. Nc4 {[%clk 1:09:12]}
Bxf3 {[%clk 1:08:01]} 12. Nxd6 {[%clk 1:08:54]} Qc7 {[%clk 0:59:57]} 13. Nf5
{[%clk 1:04:46]} Bh5 {[%clk 0:55:03]} 14. Bd2 {[%clk 0:53:09]} exd4 {[%clk
0:50:05]} 15. exd4 {[%clk 0:52:41]} Nd5 {[%clk 0:41:57]} 16. Rfe1 {[%clk
0:47:03]} N7f6 {[%clk 0:39:36]} 17. Qc5 {[%clk 0:41:57]} Kh8 {[%clk 0:30:01]} 18.
Rac1 {[%clk 0:31:21]} Bg6 {[%clk 0:27:49]} 19. Bb1 {[%clk 0:27:39]} Qd7 {[%clk
0:25:50]} 20. Ng3 {[%clk 0:23:49]} Bxb1 {[%clk 0:23:30]} 21. Rxb1 {[%clk
0:24:13]} b6 {[%clk 0:22:39]} 22. Qc2 {[%clk 0:24:10]} Rfe8 {[%clk 0:22:16]} 23.
Rxe8+ {[%clk 0:22:56]} Rxe8 {[%clk 0:22:28]} 24. Rc1 {[%clk 0:23:13]} Re6 {[%clk
0:20:10]} 25. Qd3 {[%clk 0:22:15]} Nc7 {[%clk 0:16:09]} 26. b4 {[%clk 0:19:18]}
Nb5 {[%clk 0:15:24]} 27. Be3 {[%clk 0:19:21]} Nd6 {[%clk 0:14:34]} 28. Qc3 {[%clk
0:16:59]} Nde4 {[%clk 0:13:32]} 29. Nxe4 {[%clk 0:17:13]} Nxe4 {[%clk 0:13:55]}
30. Qc4 {[%clk 0:16:34]} Nf6 {[%clk 0:12:45]} 31. a4 {[%clk 0:14:34]} Nd5 {[%clk
0:09:16]} 32. b5 {[%clk 0:13:23]} cxb5 {[%clk 0:08:59]} 33. Qc8+ {[%clk 0:13:42]}
Qe8 {[%clk 0:09:20]} 34. axb5 {[%clk 0:13:05]} Nxe3 {[%clk 0:06:40]} 35. Qxe8+
{[%clk 0:13:29]} Rxe8 {[%clk 0:06:54]} 36. fxe3 {[%clk 0:13:56]} g6 {[%clk
0:06:48]} 37. Kf2 {[%clk 0:13:44]} Re7 {[%clk 0:06:51]} 1/2-1/2

[Event "U12-U20 French Championships"]
[Site "chess24.com"]
[Date "2019.04.15"]
[Round "2"]
[White "Demais, Eilean"]
[Black "Sumarriva Paulin, Laura"]
[Result "0-1"]
[Board "31"]
[WhiteElo "1409"]
[WhiteCountry "FRA"]
[WhiteFideId "45105863"]
[WhiteEloChange "-2"]
[BlackElo "1922"]
[BlackCountry "FRA"]
[BlackFideId "45102635"]
[BlackEloChange "2"]

1. e4 {[%clk 1:30:54]} e6 {[%clk 1:30:54]} 2. d4 {[%clk 1:31:13]} d5 {[%clk
1:31:15]} 3. e5 {[%clk 1:31:28]} c5 {[%clk 1:31:35]} 4. c3 {[%clk 1:31:44]} Bd7
{[%clk 1:31:28]} 5. Bd3 {[%clk 1:30:59]} Nc6 {[%clk 1:29:50]} 6. Nf3 {[%clk
1:27:56]} cxd4 {[%clk 1:27:42]} 7. cxd4 {[%clk 1:26:51]} Qb6 {[%clk 1:27:07]} 8.
Bc2 {[%clk 1:25:35]} Nb4 {[%clk 1:21:55]} 9. Ba4 {[%clk 1:19:39]} Bxa4 {[%clk
1:13:52]} 10. Qxa4+ {[%clk 1:19:50]} Nc6 {[%clk 1:14:00]} 11. a3 {[%clk 1:14:37]}
Ne7 {[%clk 1:08:46]} 12. Nc3 {[%clk 1:11:25]} Nf5 {[%clk 1:04:27]} 13. Ne2 {[%clk
1:03:17]} Be7 {[%clk 0:59:58]} 14. Rb1 {[%clk 0:59:08]} O-O {[%clk 0:56:51]} 15.
O-O {[%clk 0:57:55]} Rac8 {[%clk 0:47:34]} 16. Bf4 {[%clk 0:54:09]} Ncxd4 {[%clk
0:31:34]} 17. Nfxd4 {[%clk 0:40:18]} Rc4 {[%clk 0:30:29]} 18. Qd1 {[%clk
0:38:28]} Nxd4 {[%clk 0:30:16]} 19. Nxd4 {[%clk 0:31:50]} Rxd4 {[%clk 0:25:50]}
20. Qf3 {[%clk 0:30:27]} Rc4 {[%clk 0:24:25]} 21. Qg3 {[%clk 0:29:16]} Rfc8
{[%clk 0:23:12]} 22. h4 {[%clk 0:27:13]} Qd4 {[%clk 0:17:38]} 23. b3 {[%clk
0:22:13]} Rc3 {[%clk 0:14:26]} 24. Qh2 {[%clk 0:17:11]} Qd3 {[%clk 0:09:33]} 25.
g3 {[%clk 0:13:29]} Rxb3 {[%clk 0:08:21]} 26. Rxb3 {[%clk 0:13:11]} Qxb3 {[%clk
0:08:48]} 27. Qh3 {[%clk 0:13:28]} Qf3 {[%clk 0:07:28]} 28. h5 {[%clk 0:13:00]}
Rc2 {[%clk 0:06:19]} 29. Be3 {[%clk 0:11:27]} Bc5 {[%clk 0:05:16]} 30. Bxc5
{[%clk 0:11:26]} Rxc5 {[%clk 0:05:41]} 31. h6 {[%clk 0:11:02]} Qf5 {[%clk
0:04:21]} 32. Qh4 {[%clk 0:10:40]} g5 {[%clk 0:04:00]} 33. Qa4 {[%clk 0:10:29]}
Rc8 {[%clk 0:02:23]} 34. Qd7 {[%clk 0:10:44]} Rf8 {[%clk 0:02:04]} 35. Qxb7
{[%clk 0:10:57]} Qxe5 {[%clk 0:02:12]} 36. Qxa7 {[%clk 0:11:26]} Qf6 {[%clk
0:01:40]} 37. a4 {[%clk 0:10:27]} Qxh6 {[%clk 0:01:56]} 38. Rb1 {[%clk 0:10:23]}
Qf6 {[%clk 0:01:59]} 39. a5 {[%clk 0:09:37]} Qd8 {[%clk 0:02:05]} 40. Rb7 {[%clk
0:09:38]} Qa8 {[%clk 0:01:47]} 41. Rxf7 {[%clk 0:09:46]} Qxa7 {[%clk 0:01:58]}
42. Rxa7 {[%clk 0:10:15]} Rb8 {[%clk 0:02:04]} 43. a6 {[%clk 0:10:31]} Rb1+
{[%clk 0:02:14]} 44. Kg2 {[%clk 0:11:00]} Ra1 {[%clk 0:02:26]} 45. Kf3 {[%clk
0:11:05]} h5 {[%clk 0:02:31]} 46. Ra8+ {[%clk 0:10:57]} Kg7 {[%clk 0:02:20]} 47.
a7 {[%clk 0:10:56]} Ra3+ {[%clk 0:02:28]} 48. Kg2 {[%clk 0:10:56]} d4 {[%clk
0:02:15]} 49. Re8 {[%clk 0:10:27]} Rxa7 {[%clk 0:02:17]} 50. Rxe6 {[%clk
0:10:56]} Rd7 {[%clk 0:00:56]} 51. Kf3 {[%clk 0:11:13]} d3 {[%clk 0:01:05]} 52.
Re1 {[%clk 0:11:12]} d2 {[%clk 0:01:21]} 53. Rd1 {[%clk 0:11:41]} Kf6 {[%clk
0:00:54]} 54. Ke2 {[%clk 0:12:10]} h4 {[%clk 0:00:58]} 55. gxh4 {[%clk 0:12:11]}
gxh4 {[%clk 0:01:25]} 56. f3 {[%clk 0:11:23]} Kf5 {[%clk 0:01:39]} 57. f4 {[%clk
0:10:24]} h3 {[%clk 0:01:37]} 58. Kf3 {[%clk 0:10:10]} h2 {[%clk 0:01:40]} 59.
Ke2 {[%clk 0:06:07]} Rd8 {[%clk 0:01:16]} 0-1

[Event "U12-U20 French Championships"]
[Site "chess24.com"]
[Date "2019.04.15"]
[Round "2"]
[White "Ebrard-Dulac, Leopold"]
[Black "Maurizzi, Marc Andria"]
[Result "0-1"]
[Board "35"]
[WhiteElo "1641"]
[WhiteCountry "FRA"]
[WhiteFideId "36087890"]
[WhiteEloChange "-2"]
[BlackTitle "FM"]
[BlackElo "2276"]
[BlackCountry "FRA"]
[BlackFideId "36083534"]
[BlackEloChange "2"]

1. e4 {[%clk 1:30:56]} c5 {[%clk 1:30:55]} 2. Nc3 {[%clk 1:31:22]} Nc6 {[%clk
1:31:13]} 3. f4 {[%clk 1:31:36]} g6 {[%clk 1:30:48]} 4. Bb5 {[%clk 1:31:30]} Bg7
{[%clk 1:27:04]} 5. Nf3 {[%clk 1:30:40]} Nd4 {[%clk 1:15:52]} 6. Bd3 {[%clk
1:29:04]} d6 {[%clk 1:12:52]} 7. O-O {[%clk 1:25:41]} Bg4 {[%clk 1:11:44]} 8. Be2
{[%clk 1:20:10]} Bxf3 {[%clk 1:06:38]} 9. Bxf3 {[%clk 1:20:07]} Nf6 {[%clk
1:06:46]} 10. d3 {[%clk 1:18:14]} O-O {[%clk 1:07:01]} 11. Ne2 {[%clk 1:15:26]}
Nd7 {[%clk 1:04:10]} 12. Nxd4 {[%clk 1:13:53]} cxd4 {[%clk 1:04:27]} 13. Bd2
{[%clk 1:11:25]} Rc8 {[%clk 1:04:04]} 14. Bg4 {[%clk 1:05:18]} Rc6 {[%clk
1:01:51]} 15. Rc1 {[%clk 1:02:56]} e6 {[%clk 0:53:37]} 16. f5 {[%clk 0:59:39]}
exf5 {[%clk 0:53:30]} 17. exf5 {[%clk 0:59:49]} Ne5 {[%clk 0:53:41]} 18. fxg6
{[%clk 0:56:58]} hxg6 {[%clk 0:53:44]} 19. Bf3 {[%clk 0:55:25]} Nxf3+ {[%clk
0:53:01]} 20. Rxf3 {[%clk 0:54:22]} Qc7 {[%clk 0:52:49]} 21. Rh3 {[%clk 0:53:41]}
Rc8 {[%clk 0:50:38]} 22. Bh6 {[%clk 0:52:10]} Rxc2 {[%clk 0:50:09]} 23. Rxc2
{[%clk 0:51:06]} Qxc2 {[%clk 0:50:32]} 24. Qe1 {[%clk 0:48:50]} Bxh6 {[%clk
0:50:35]} 25. Rxh6 {[%clk 0:00:22]} Qc1 {[%clk 0:00:07]} 26. Qxc1 {[%clk
0:48:20]} Rxc1+ {[%clk 0:50:54]} 27. Kf2 {[%clk 0:48:45]} Rc2+ {[%clk 0:51:21]}
28. Kf3 {[%clk 0:48:28]} Rxb2 {[%clk 0:51:49]} 29. Rh4 {[%clk 0:48:42]} Rxa2
{[%clk 0:52:07]} 30. Rxd4 {[%clk 0:48:43]} Ra6 {[%clk 0:52:18]} 31. h4 {[%clk
0:47:03]} b5 {[%clk 0:52:16]} 32. g4 {[%clk 0:46:54]} Rb6 {[%clk 0:52:18]} 0-1

[Event "U12-U20 French Championships"]
[Site "chess24.com"]
[Date "2019.04.15"]
[Round "2"]
[White "Ge, Arthur"]
[Black "Makkar, Rajat"]
[Result "0-1"]
[Board "37"]
[WhiteElo "1633"]
[WhiteCountry "FRA"]
[WhiteFideId "36067415"]
[WhiteEloChange "-2"]
[BlackTitle "CM"]
[BlackElo "2147"]
[BlackCountry "FRA"]
[BlackFideId "36016810"]
[BlackEloChange "2"]

1. e4 {[%clk 1:30:59]} e5 {[%clk 1:28:33]} 2. Nf3 {[%clk 1:31:05]} Nc6 {[%clk
1:28:48]} 3. d4 {[%clk 1:30:55]} exd4 {[%clk 1:29:09]} 4. Bc4 {[%clk 1:30:54]}
Bc5 {[%clk 1:29:22]} 5. c3 {[%clk 1:30:51]} Nf6 {[%clk 1:28:36]} 6. cxd4 {[%clk
1:30:06]} Bb4+ {[%clk 1:28:31]} 7. Bd2 {[%clk 1:30:05]} Nxe4 {[%clk 1:28:25]} 8.
Bxb4 {[%clk 1:29:51]} Nxb4 {[%clk 1:28:28]} 9. Bxf7+ {[%clk 1:28:03]} Kxf7 {[%clk
1:28:49]} 10. Qb3+ {[%clk 1:28:27]} d5 {[%clk 1:28:48]} 11. Ne5+ {[%clk 1:26:12]}
Ke6 {[%clk 1:28:58]} 12. Qxb4 {[%clk 1:22:11]} c5 {[%clk 1:28:25]} 13. Qa4 {[%clk
1:17:54]} Qf6 {[%clk 1:20:02]} 14. Nf3 {[%clk 1:15:24]} Rf8 {[%clk 1:12:51]} 15.
O-O {[%clk 1:13:58]} Kf7 {[%clk 1:00:26]} 16. Qb3 {[%clk 1:08:53]} Be6 {[%clk
0:49:52]} 17. Rd1 {[%clk 0:55:02]} cxd4 {[%clk 0:46:59]} 18. Rxd4 {[%clk
0:53:48]} Kg8 {[%clk 0:46:32]} 19. Qe3 {[%clk 0:48:23]} Rad8 {[%clk 0:39:22]} 20.
Nbd2 {[%clk 0:44:31]} Bg4 {[%clk 0:32:45]} 21. Rf1 {[%clk 0:27:43]} Nxd2 {[%clk
0:31:12]} 22. Qxd2 {[%clk 0:22:43]} Bxf3 {[%clk 0:30:48]} 23. gxf3 {[%clk
0:23:08]} Qxf3 {[%clk 0:31:11]} 24. Qg5 {[%clk 0:22:19]} Rd6 {[%clk 0:31:14]} 25.
Rg4 {[%clk 0:15:52]} Rg6 {[%clk 0:31:24]} 26. Qxg6 {[%clk 0:16:12]} hxg6 {[%clk
0:31:52]} 27. Rxg6 {[%clk 0:16:30]} Rf4 {[%clk 0:32:13]} 28. Rg3 {[%clk 0:16:39]}
Rg4 {[%clk 0:32:34]} 29. Rc1 {[%clk 0:16:55]} Rxg3+ {[%clk 0:32:55]} 30. fxg3
{[%clk 0:17:13]} Qe3+ {[%clk 0:33:21]} 0-1

[Event "U12-U20 French Championships"]
[Site "chess24.com"]
[Date "2019.04.15"]
[Round "2"]
[White "Mekhane, Adam"]
[Black "Volkov, Andreiy"]
[Result "1-0"]
[Board "38"]
[WhiteElo "1995"]
[WhiteCountry "FRA"]
[WhiteFideId "36050601"]
[WhiteEloChange "2"]
[BlackElo "1628"]
[BlackCountry "FRA"]
[BlackFideId "45144079"]
[BlackEloChange "-2"]

1. e4 {[%clk 1:30:59]} c5 {[%clk 1:30:56]} 2. Nf3 {[%clk 1:31:26]} Nc6 {[%clk
1:31:22]} 3. d4 {[%clk 1:31:49]} cxd4 {[%clk 1:31:48]} 4. Nxd4 {[%clk 1:32:17]}
g6 {[%clk 1:32:05]} 5. c4 {[%clk 1:32:29]} Bg7 {[%clk 1:32:30]} 6. Be3 {[%clk
1:32:16]} Nf6 {[%clk 1:32:00]} 7. Nc3 {[%clk 1:32:40]} O-O {[%clk 1:32:23]} 8.
Nc2 {[%clk 1:30:40]} d6 {[%clk 1:29:49]} 9. Be2 {[%clk 1:29:43]} Bd7 {[%clk
1:25:42]} 10. O-O {[%clk 1:29:20]} Rc8 {[%clk 1:21:29]} 11. f3 {[%clk 0:11:33]}
b6 {[%clk 1:11:16]} 12. Qd2 {[%clk 1:25:41]} Ne5 {[%clk 1:08:59]} 13. b3 {[%clk
1:24:54]} Ne8 {[%clk 1:00:21]} 14. Rac1 {[%clk 1:17:03]} Nc7 {[%clk 0:58:34]} 15.
Nb4 {[%clk 1:12:01]} Nc6 {[%clk 0:53:23]} 16. Nbd5 {[%clk 1:06:16]} Nxd5 {[%clk
0:50:49]} 17. Nxd5 {[%clk 1:05:54]} Ne5 {[%clk 0:49:33]} 18. f4 {[%clk 1:02:56]}
Ng4 {[%clk 0:46:29]} 19. Bxg4 {[%clk 1:01:44]} Bxg4 {[%clk 0:46:53]} 20. f5
{[%clk 1:01:09]} e6 {[%clk 0:47:06]} 21. f6 {[%clk 0:48:57]} exd5 {[%clk
0:45:50]} 22. fxg7 {[%clk 0:49:10]} Kxg7 {[%clk 0:46:02]} 23. Bh6+ {[%clk
0:46:41]} Kg8 {[%clk 0:44:46]} 24. Qd4 {[%clk 0:46:51]} f6 {[%clk 0:44:23]} 25.
Bxf8 {[%clk 0:47:00]} Qxf8 {[%clk 0:44:47]} 26. Rxf6 {[%clk 0:47:08]} Qg7 {[%clk
0:45:11]} 27. Qxd5+ {[%clk 0:47:18]} Kh8 {[%clk 0:45:29]} 28. Rcf1 {[%clk
0:46:58]} Rd8 {[%clk 0:43:15]} 29. Rxd6 {[%clk 0:47:00]} Rxd6 {[%clk 0:43:36]}
30. Qxd6 {[%clk 0:46:50]} 1-0

[Event "U12-U20 French Championships"]
[Site "chess24.com"]
[Date "2019.04.15"]
[Round "2"]
[White "Bousmaha, Leila"]
[Black "Sumarriva Paulin, Jade"]
[Result "1-0"]
[Board "40"]
[WhiteElo "1616"]
[WhiteCountry "FRA"]
[WhiteFideId "36099112"]
[WhiteEloChange "3"]
[BlackElo "1312"]
[BlackCountry "FRA"]
[BlackFideId "45102775"]
[BlackEloChange "-3"]

1. e4 {[%clk 1:30:58]} e5 {[%clk 1:30:54]} 2. Nf3 {[%clk 1:31:25]} Nc6 {[%clk
1:31:17]} 3. Nc3 {[%clk 1:31:53]} Nf6 {[%clk 1:31:39]} 4. d4 {[%clk 1:32:18]}
exd4 {[%clk 1:31:51]} 5. Nxd4 {[%clk 1:32:43]} Bc5 {[%clk 1:32:00]} 6. Be3 {[%clk
1:32:28]} Bb4 {[%clk 1:27:46]} 7. Nxc6 {[%clk 1:31:17]} bxc6 {[%clk 1:27:56]} 8.
Bg5 {[%clk 1:23:11]} Bxc3+ {[%clk 1:22:06]} 9. bxc3 {[%clk 1:23:33]} d6 {[%clk
1:22:08]} 10. Qd4 {[%clk 1:19:51]} Qe7 {[%clk 1:06:35]} 11. Bd3 {[%clk 1:18:28]}
Qe6 {[%clk 0:59:39]} 12. O-O {[%clk 1:17:15]} c5 {[%clk 0:50:46]} 13. Qe3 {[%clk
1:13:18]} O-O {[%clk 0:46:51]} 14. f4 {[%clk 1:10:31]} Bb7 {[%clk 0:40:07]} 15.
Bxf6 {[%clk 1:04:17]} Qxf6 {[%clk 0:40:09]} 16. e5 {[%clk 1:04:07]} Qe6 {[%clk
0:39:09]} 17. Rae1 {[%clk 1:03:04]} Rfe8 {[%clk 0:38:18]} 18. Qg3 {[%clk
1:00:17]} Qxa2 {[%clk 0:31:04]} 19. c4 {[%clk 0:59:26]} Qa4 {[%clk 0:29:07]} 20.
Qh3 {[%clk 0:58:19]} h6 {[%clk 0:25:38]} 21. Qf5 {[%clk 0:57:22]} g6 {[%clk
0:19:05]} 22. Qf6 {[%clk 0:55:12]} Re6 {[%clk 0:18:42]} 23. Qh4 {[%clk 0:55:33]}
Kg7 {[%clk 0:17:58]} 24. f5 {[%clk 0:54:57]} Ree8 {[%clk 0:16:32]} 25. Qf6+
{[%clk 0:55:04]} Kg8 {[%clk 0:15:11]} 26. fxg6 {[%clk 0:55:28]} Qd7 {[%clk
0:06:35]} 27. gxf7+ {[%clk 0:55:49]} Kf8 {[%clk 0:06:23]} 28. fxe8Q+ {[%clk
0:55:54]} Kxe8 {[%clk 0:06:35]} 29. Qf8# {[%clk 0:56:19]} 1-0